Before the party's over - Statistics

General Stats
  • This quiz has been taken 15 times
  • The average score is 131 of 185
Answer Stats
Answer % Correct
be
100%
the
100%
before
91%
I
91%
over
91%
a
82%
got
82%
on
82%
party's
82%
and
73%
drink
73%
fine
73%
fire
73%
gonna
73%
I'm
73%
is
73%
more
73%
move
73%
soul
73%
to
73%
tonight
73%
All
64%
all
64%
are
64%
breaking
64%
can
64%
game
64%
I'll
64%
in
64%
it
64%
make
64%
moves
64%
one
64%
or
64%
pain
64%
playing
64%
rules
64%
see
64%
still
64%
that
64%
way
64%
you
64%
alright
55%
cool
55%
do
55%
face
55%
just
55%
kids
55%
moonlight
55%
night
55%
roofs
55%
shining
55%
sure
55%
too
55%
we
55%
about
45%
from
45%
hurt
45%
paradise
45%
raise
45%
think
45%
time
45%
told
45%
was
45%
barely
36%
but
36%
fade
36%
it's
36%
living
36%
proof
36%
they
36%
through
36%
us
36%
watch
36%
you're
36%
chase
27%
No matching quizzes found
Score Distribution
Percent of People with Each Score
Percentile by Number Answered
Your Score History
You have not taken this quiz